00971 2200313 4500001002100000005001500021035002000036007000300056008004100059020002200100082001500122084001700137100002900154245012100183250003200304300004000336650001400376700002800390504003300418264003200451336002100483337003000504338002300534040002200557090002200579850001200601999002200613990002200635INLIS00000000087376420220922115953 a0010-0922001292ta220922s2022 yoia g | ind d a978-623-02-4602-904223a658.81 a658.81 DYA p0 aDyah LyesmayaePengarang10aPendidikan global :bbranding dan marketing sekolah (sebuah pembelajaran studi kasus) /cDyah Lyesmaya, Iis Nurasiah aCetakan Pertama, April 2022 aviii, 111 halaman :btabel ;c23 cm 4aPemasaran0 aIis NurasiahePengarang aBibliografi: halaman 110-11131aSleman :bDeepublish,c2022 2rdacontentateks 2rdamediaatanpa perantara 2rdacarrieravolume aYOPDYOGbinderda aCB-D.11 2022-1434 aYOPDYOG aCB-D.11/2022-1434 aCB-D.11/2022-1434